US Cities Larger than Delaware - Statistics

General Stats
  • This quiz has been taken 24 times
  • The average score is 10 of 11
Answer Stats
State Population City % Correct
Illinois 2,705,994 Chicago
100%
Texas 2,325,502 Houston
95%
California 3,990,456 Los Angeles
95%
New York 8,398,748 New York City
95%
Pennsylvania 1,584,138 Philadelphia
95%
Arizona 1,660,272 Phoenix
95%
Texas 964,254 Austin
90%
Texas 1,345,047 Dallas
90%
California 1,425,976 San Diego
85%
Texas 1,532,233 San Antonio
80%
California 1,030,119 San Jose
80%
No matching quizzes found
Score Distribution
Percent of People with Each Score
Percentile by Number Answered
Your Score History
You have not taken this quiz